[Event "Chigorin Memorial 26th"]
[Site "St Petersburg"]
[Date "2018.10.27"]
[Round "1"]
[White "Sengupta, Deep"]
[Black "Kharlamov, Igor"]
[Result "1-0"]
[WhiteElo "2557"]
[BlackElo "2063"]
[PlyCount "49"]
[EventDate "2018.10.27"]
[EventType "swiss"]
[EventRounds "9"]
[EventCountry "RUS"]
[SourceTitle "CBM 187 Extra"]
[Source "ChessBase"]
[SourceDate "2018.11.04"]
[SourceVersion "1"]
[SourceVersionDate "2018.11.04"]
[SourceQuality "1"]

1. d4 Nf6 2. Bg5 Ne4 3. Bf4 d5 4. e3 Bf5 5. Bd3 Bg6 6. h4 Nf6 7. h5 Bxd3 8. Qxd3 c5 9. dxc5 Nc6 10. Nc3 e6 11. Qb5 Qc8 12. h6 a6 13. hxg7 Bxg7 14. Qa4 Nd7 15. Bd6 d4 16. exd4 b5 17. cxb6 Nxb6 18. Qb3 Bxd4 19. Nge2 Nd7 20. Nxd4 Nxd4 21. Qa4 Nb5 22. 0-0-0 Nb6 23. Qh4 Nxd6 24. Rxd6 Qc7 25. Qd4 1-0

[Event "Omsk-ch"]
[Site "Omsk"]
[Date "2015.02.24"]
[Round "8"]
[White "Lunga, Oleg"]
[Black "Kharlamov, Igor"]
[Result "0-1"]
[WhiteElo "1800"]
[BlackElo "2043"]
[PlyCount "33"]
[EventDate "2015.02.16"]
[EventType "swiss"]
[EventRounds "9"]
[EventCountry "RUS"]
[SourceTitle "CBM 165 Extra"]
[Source "ChessBase"]
[SourceDate "2015.04.21"]
[SourceVersion "1"]
[SourceVersionDate "2015.04.21"]
[SourceQuality "1"]

1. e4 c6 2. d4 d5 3. e5 Bf5 4. g4 Bd7 5. f4 h5 6. Be2 hxg4 7. Bxg4 e6 8. Be3 Nh6 9. Be2 Nf5 10. Bf2 Qb6 11. b3 c5 12. c3 Nc6 13. Nf3 Be7 14. 0-0 0-0-0 15. a4 cxd4 16. cxd4 g5 17. fxg5 0-1

[Event "Omsk-ch"]
[Site "Omsk"]
[Date "2015.02.21"]
[Round "6"]
[White "Berkovich, Boris"]
[Black "Kharlamov, Igor"]
[Result "1-0"]
[WhiteElo "2063"]
[BlackElo "2043"]
[PlyCount "71"]
[EventDate "2015.02.16"]
[EventType "swiss"]
[EventRounds "9"]
[EventCountry "RUS"]
[SourceTitle "CBM 165 Extra"]
[Source "ChessBase"]
[SourceDate "2015.04.21"]
[SourceVersion "1"]
[SourceVersionDate "2015.04.21"]
[SourceQuality "1"]

1. d4 Nf6 2. Nf3 g6 3. Bf4 Bg7 4. h3 c5 5. e3 0-0 6. Nbd2 b6 7. Bc4 d6 8. 0-0 Bb7 9. c3 Nfd7 10. a4 e5 11. Bh2 d5 12. Be2 Nc6 13. Bb5 Qe7 14. a5 Rac8 15. axb6 axb6 16. c4 cxd4 17. cxd5 Nb4 18. Ra7 Nc5 19. exd4 exd4 20. Nc4 Nxd5 21. Bd6 Qd8 22. Bxf8 Qxf8 23. Nxd4 Nf4 24. Nf3 Rd8 25. Ncd2 Bxb2 26. Qc2 Bf6 27. Bc4 Qh6 28. Bxf7+ Kf8 29. Ba2 Ne2+ 30. Kh2 Nd4 31. Nxd4 Qf4+ 32. Kg1 Bxd4 33. Nb3 Qg5 34. Rxb7 Nxb7 35. Nxd4 Rxd4 36. Qb3 1-0

[Event "Sukhumi op"]
[Site "Sukhumi"]
[Date "2008.08.08"]
[Round "7"]
[White "Kiselev, Vitaliy1111"]
[Black "Kharlamov, Igor"]
[Result "1-0"]
[WhiteElo "2518"]
[BlackElo "1964"]
[PlyCount "47"]
[EventDate "2008.08.03"]
[EventType "swiss"]
[EventRounds "9"]
[EventCountry "GEO"]
[SourceTitle "CBM 126 Extra"]
[Source "ChessBase"]
[SourceDate "2008.11.05"]
[SourceVersion "1"]
[SourceVersionDate "2008.11.05"]
[SourceQuality "1"]

1. d4 Nf6 2. c4 e6 3. Nf3 b6 4. a3 Bb7 5. Nc3 Ne4 6. Nxe4 Bxe4 7. Nd2 Bb7 8. e4 d5 9. cxd5 exd5 10. e5 c5 11. f4 Nc6 12. Nf3 cxd4 13. Bb5 Rc8 14. 0-0 d3 15. Bxd3 Bc5+ 16. Kh1 0-0 17. Bxh7+ Kh8 18. Ng5 g6 19. Qg4 Rc7 20. Qh4 Kg7 21. f5 Rh8 22. Ne6+ fxe6 23. Qh6+ Kf7 24. Qxg6+ 1-0

[Event "Sukhumi op"]
[Site "Sukhumi"]
[Date "2008.08.03"]
[Round "1"]
[White "Bekker, Maxim"]
[Black "Kharlamov, Igor"]
[Result "0-1"]
[WhiteElo "2180"]
[BlackElo "1964"]
[PlyCount "62"]
[EventDate "2008.08.03"]
[EventType "swiss"]
[EventRounds "9"]
[EventCountry "GEO"]
[SourceTitle "CBM 126 Extra"]
[Source "ChessBase"]
[SourceDate "2008.11.05"]
[SourceVersion "1"]
[SourceVersionDate "2008.11.05"]
[SourceQuality "1"]

1. d4 Nf6 2. c4 e6 3. Nf3 b6 4. Nc3 Bb7 5. Qc2 Bb4 6. a3 Bxc3+ 7. Qxc3 Ne4 8. Qc2 0-0 9. e3 f5 10. Be2 a5 11. b3 d6 12. Bb2 Nd7 13. 0-0 Rf6 14. d5 e5 15. b4 Rh6 16. Bd3 Ndf6 17. Ne1 Qe8 18. Be2 axb4 19. axb4 Rxa1 20. Bxa1 Kh8 21. Nd3 b5 22. f4 bxc4 23. Qxc4 Nxd5 24. Qc1 exf4 25. Nxf4 Nef6 26. Nxd5 Nxd5 27. Rxf5 Nxe3 28. Rf2 Re6 29. Bh5 Qa8 30. Bf7 Re7 31. Qc3 Re5 0-1

[Event "Moscow op-B 04th"]
[Site "Moscow"]
[Date "2008.02.07"]
[Round "6"]
[White "Simonian, Tigran"]
[Black "Kharlamov, Igor"]
[Result "0-1"]
[WhiteElo "2170"]
[BlackElo "2062"]
[PlyCount "41"]
[EventDate "2008.02.02"]
[EventType "swiss"]
[EventRounds "9"]
[EventCountry "RUS"]
[SourceTitle "CBM 122 Extra"]
[Source "ChessBase"]
[SourceDate "2008.03.04"]
[SourceVersion "1"]
[SourceVersionDate "2008.03.04"]
[SourceQuality "1"]

1. d4 Nf6 2. c4 e6 3. Nf3 b6 4. g3 Ba6 5. b3 Bb4+ 6. Bd2 Be7 7. Bg2 c6 8. Bc3 d5 9. Ne5 Nfd7 10. Nxd7 Nxd7 11. Nd2 0-0 12. 0-0 b5 13. Re1 Rc8 14. e4 dxc4 15. bxc4 Nb6 16. Rb1 b4 17. Bxb4 Bxb4 18. Rxb4 Qxd4 19. Qc2 c5 20. Nf3 Qd8 21. Rbb1 0-1

[Event "St Petersburg op"]
[Site "St Petersburg"]
[Date "2007.11.03"]
[Round "8"]
[White "Kharlamov, Igor"]
[Black "Prelovskij, Rudolf"]
[Result "1-0"]
[WhiteElo "1959"]
[BlackElo "2181"]
[PlyCount "143"]
[EventDate "2007.10.27"]
[EventType "swiss"]
[EventRounds "9"]
[EventCountry "RUS"]
[SourceTitle "CBM 121 Extra"]
[Source "ChessBase"]
[SourceDate "2008.01.10"]
[SourceVersion "1"]
[SourceVersionDate "2008.01.10"]
[SourceQuality "1"]

1. d4 Nf6 2. Nf3 d6 3. c4 Nbd7 4. Nc3 c6 5. Bf4 Qa5 6. a3 h6 7. b4 Qf5 8. e3 e5 9. dxe5 dxe5 10. Bg3 Be7 11. Bd3 Qe6 12. Qc2 g6 13. Rd1 Nh5 14. Nh4 0-0 15. e4 Ng7 16. 0-0 Nh5 17. Ne2 Bg5 18. c5 Qe7 19. Nf3 Bf6 20. Bc4 Ng7 21. Rd2 g5 22. Rfd1 h5 23. h3 Re8 24. Rd6 Nf8 25. Bh2 h4 26. Qb3 g4 27. hxg4 Bxg4 28. Rxf6 Qxf6 29. Rd6 Be6 30. Bxe5 Qe7 31. Nf4 Bxc4 32. Qxc4 Nfe6 33. Nxe6 Nxe6 34. Bb2 Rad8 35. Qc3 f6 36. Qxf6 Qxf6 37. Bxf6 Rc8 38. Nxh4 Rc7 39. g3 Rf7 40. e5 Nc7 41. Nf5 Kh7 42. Rd4 Rg8 43. Rh4+ Kg6 44. Ne7+ Rxe7 45. Rg4+ Kf5 46. Rxg8 Rd7 47. Rd8 Rf7 48. Rd4 Nd5 49. g4+ Kg6 50. g5 Kf5 51. Rh4 b6 52. Rh6 Nf4 53. g6 Nxg6 54. Rh5+ Ke6 55. Rg5 Nh4 56. Rg7 Nf3+ 57. Kg2 Rxg7+ 58. Bxg7 Ne1+ 59. Kg3 Nc2 60. Kg4 Nxa3 61. f4 bxc5 62. bxc5 Nc4 63. f5+ Kf7 64. Bh8 Kg8 65. Bf6 Ne3+ 66. Kg5 a5 67. e6 a4 68. Be5 Nc4 69. Bc3 a3 70. Kg6 Kf8 71. f6 Ne3 72. f7 1-0

[Event "St Petersburg op"]
[Site "St Petersburg"]
[Date "2007.10.31"]
[Round "5"]
[White "Androsov, Sergey"]
[Black "Kharlamov, Igor"]
[Result "1/2-1/2"]
[WhiteElo "2102"]
[BlackElo "1959"]
[PlyCount "147"]
[EventDate "2007.10.27"]
[EventType "swiss"]
[EventRounds "9"]
[EventCountry "RUS"]
[SourceTitle "CBM 121 Extra"]
[Source "ChessBase"]
[SourceDate "2008.01.10"]
[SourceVersion "1"]
[SourceVersionDate "2008.01.10"]
[SourceQuality "1"]

1. e4 c6 2. d4 d5 3. Nc3 dxe4 4. Nxe4 Bf5 5. Ng3 Bg6 6. Nf3 Nd7 7. h4 h6 8. h5 Bh7 9. Bd3 Bxd3 10. Qxd3 Ngf6 11. Bd2 e6 12. 0-0-0 Qc7 13. Rhe1 0-0-0 14. Qe2 Bd6 15. Ne5 Rhf8 16. Nf1 c5 17. Nxd7 Rxd7 18. Be3 c4 19. c3 Kb8 20. Nd2 Rc8 21. Qf3 Qa5 22. Ne4 Nxe4 23. Qxe4 Qxa2 24. Qc2 Qb3 25. Qxb3 cxb3 26. Kd2 Rc4 27. Ra1 a6 28. g3 Rc6 29. Bf4 Bxf4+ 30. gxf4 Rd5 31. Re5 Rcd6 32. Ra3 f6 33. Rxd5 Rxd5 34. Rxb3 Kc7 35. Ke3 Rxh5 36. c4 b6 37. Ke4 Rh1 38. f5 Re1+ 39. Kf4 e5+ 40. dxe5 fxe5+ 41. Kg4 Rg1+ 42. Kf3 Kc6 43. Re3 Kd6 44. Ra3 a5 45. Rb3 Kc5 46. Rb5+ Kxc4 47. Rxb6 a4 48. Rb7 Kd3 49. Rb4 Rg5 50. Rxa4 Rxf5+ 51. Kg3 Rg5+ 52. Kf3 Rf5+ 53. Kg3 e4 54. Ra7 Rf3+ 55. Kg2 g5 56. Ra3+ Ke2 57. Rxf3 exf3+ 58. Kg3 h5 59. b4 h4+ 60. Kg4 Kxf2 61. b5 Ke2 62. b6 f2 63. b7 f1Q 64. b8Q Qg1+ 65. Kh5 Qe3 66. Qh2+ Ke1 67. Qh1+ Kd2 68. Qd5+ Ke2 69. Qg2+ Kd3 70. Qd5+ Kc3 71. Qa5+ Kd4 72. Qb4+ Ke5 73. Qe7+ Kf4 74. Qxg5+ 1/2-1/2

[Event "St Petersburg op"]
[Site "St Petersburg"]
[Date "2007.10.30"]
[Round "4"]
[White "Kharlamov, Igor"]
[Black "Maslyakov, Sergey"]
[Result "1/2-1/2"]
[WhiteElo "1959"]
[BlackElo "2108"]
[PlyCount "81"]
[EventDate "2007.10.27"]
[EventType "swiss"]
[EventRounds "9"]
[EventCountry "RUS"]
[SourceTitle "CBM 121 Extra"]
[Source "ChessBase"]
[SourceDate "2008.01.10"]
[SourceVersion "1"]
[SourceVersionDate "2008.01.10"]
[SourceQuality "1"]

1. Nf3 Nf6 2. d4 c5 3. e3 g6 4. b3 Bg7 5. Bb2 0-0 6. Bd3 b6 7. c4 d6 8. 0-0 Qc7 9. Nc3 a6 10. h3 Nbd7 11. d5 e5 12. e4 Nh5 13. g3 Bh6 14. Bc1 Bxc1 15. Qxc1 Ndf6 16. Kg2 Kg7 17. Ne2 Qd7 18. Rh1 h6 19. Nh4 Nh7 20. f4 exf4 21. Nxf4 Nxf4+ 22. Qxf4 Qe7 23. Rae1 Qe5 24. Nf3 Qxf4 25. gxf4 Nf6 26. Nd2 Nh5 27. Kf3 f6 28. h4 Bd7 29. Rhg1 g5 30. f5 Nf4 31. Bc2 Be8 32. Ke3 Bf7 33. Ref1 Kh7 34. hxg5 hxg5 35. Rh1+ Kg7 36. Rhg1 Kh7 37. Rh1+ Kg7 38. Rhg1 Kh6 39. Rh1+ Kg7 40. Rhg1 Kh6 41. Rh1+ 1/2-1/2